| 000 | 00836nam a22001697a 4500 | ||
|---|---|---|---|
| 003 | NUST | ||
| 082 | _a621.382,LIA | ||
| 100 |
_aLiaqat, Adnan Ali _9132911 |
||
| 245 |
_aBase Station Antenna For 5G Networks With Beam- Switching Capabilities At 3.5 GHz / _cAdnan Ali Liaqat, Hamza Ali Babar, Shahrukh ahmed Janjus and Shazil Sultan Khan Naizi (BETE-54 / TCC-29) |
||
| 260 |
_aRawalpindi _bMCS (NUST) _cJuly, 2021 |
||
| 300 | _axiii, 77 p.; | ||
| 505 | _aIntroduction (Page-1), Patch Antenna (Page-3), Wilkinson Power divider (Page-22), Power Amplifier (Page-40), switching network (Page-55), Final Design (Page-68), Conclusion and Future Work (Page-73), References (Page-76). | ||
| 650 |
_aUG Project _9131132 |
||
| 651 |
_a(BETE-54 / TCC-29) _9132912 |
||
| 700 |
_aSupervised by Dr. Muhammad Zeeshan Zahid _9132904 |
||
| 942 |
_2ddc _cPR |
||
| 999 |
_c615938 _d615938 |
||